|
|
|
|
| LEADER |
00883nam a22001817a 4500 |
| 082 |
|
|
|a 894.M301
|b RAM22/T N0
|
| 100 |
|
|
|a എസ് രാമകൃഷ്ണന്;
|9 149848
|
| 100 |
|
|
|a S Ramakrishnan
|9 149849
|
| 240 |
|
|
|a Thekkottu payunna kuthirakal
|
| 245 |
|
|
|a തെക്കോട്ടു പായുന്ന കുതിരകള്
|
| 250 |
|
|
|a 1st
|
| 260 |
|
|
|a Kottayam;
|b Sahitya Pravarthaka Co-operative Society Ltd;
|c 1990
|
| 300 |
|
|
|a xi;201p.
|
| 650 |
|
|
|a മലയാളം; മലയാളം സാഹിത്യം; മലയാളം ചെറുകഥകള്
|9 149850
|
| 650 |
|
|
|a Malayalam; Malayalam Literature; Malayalam Short Stories
|9 149851
|
| 942 |
|
|
|c BK
|
| 999 |
|
|
|c 41882
|d 41882
|
| 952 |
|
|
|0 0
|1 0
|4 0
|6 894_000000000000000_M301_RAM22_T_N0
|7 0
|8 STO
|9 48064
|a MAL
|b MAL
|d 2015-08-06
|e 37754
|g 27.00
|l 0
|o 894.M301 RAM22/T N0
|p MAL037754
|r 2015-08-06
|t 1
|w 2015-08-06
|y BK
|